| 000 | 02309 a2200289 4500 | ||
|---|---|---|---|
| 005 | 2009051206486.0 | ||
| 008 | 090512t xxu||||| |||| 00| 0 HINd | ||
| 010 | _aB-301009-013 | ||
| 020 |
_a8179750477 _c150.00 |
||
| 035 | _aB-301009-013 | ||
| 037 | _bअनामिका पब्लि. | ||
| 040 |
_aDPL _bHN |
||
| 082 | _a821 | ||
| 100 | _aफज़ल शाह | ||
| 245 |
_aसोहणी महींवाल / _cफज़ल शाह; नामवर सिंह द्वारा संपादित |
||
| 260 |
_aनई दिल्ली _bअनामिका पब्लिशर्स एंड डिस्ट्रीब्यूटर्स _c2003 |
||
| 270 |
_a4697/3, 21-ए,अंसारी रोड, दरियागंज _bनई दिल्ली _e110002 _cदिल्ली |
||
| 300 |
_a47पृ _c25 सेमी (सजिल्द) |
||
| 700 | _aनामवर सिंह | ||
| 942 |
_adpl _cHN _k / फज़ल _2ddc _h821 _mफज़ल |
||
| 999 |
_c12659 _d12659 |
||